[Event "Classic Open"]
[Site "Estonia Resort Hotel & Spa conference center, Parnu, EE"]
[Date "2025.08.15"]
[Round "8"]
[White "Kopylov, Michael"]
[Black "Shalamberidze, Akaki"]
[Result "1-0"]
[Board "10"]
[WhiteFideId "14105080"]
[BlackFideId "13600532"]
[WhiteTitle "IM"]
[BlackTitle "IM"]
[WhiteElo "2328"]
[BlackElo "2193"]
[WhiteTeam "UKR"]
[BlackTeam "GEO"]
[WhiteClock "0:35:42"]
[BlackClock "0:00:46"]
[Variant "Standard"]

1. d4 {[%clk 1:26:06]}  d5 {[%clk 1:29:53]} 2. c4 {[%clk 1:25:44]}  e6 {[%clk 1:29:27]} 3. Nf3 {[%clk 1:26:00]}  Nf6 {[%clk 1:29:07]} 4. g3 {[%clk 1:23:59]}  dxc4 {[%clk 1:25:24]} 5. Bg2 {[%clk 1:24:02]}  Nc6 {[%clk 1:25:33]} 6. Qa4 {[%clk 1:24:04]}  Nd7 {[%clk 1:25:31]} 7. Qxc4 {[%clk 1:23:55]}  Nb6 {[%clk 1:25:56]} 8. Qb5 {[%clk 1:23:12]}  a6 {[%clk 1:22:35]} 9. Qd3 {[%clk 1:23:36]}  e5 {[%clk 1:15:42]} 10. Nxe5 {[%clk 1:23:47]}  Nxd4 {[%clk 1:04:16]} 11. Be3 {[%clk 1:18:04]}  c5 {[%clk 0:48:23]} 12. Nc3 {[%clk 1:10:04]}  f6 {[%clk 0:30:27]} 13. Nf3 {[%clk 1:08:52]}  Bf5 {[%clk 0:27:05]} 14. Ne4 {[%clk 1:07:33]}  Nxf3+ {[%clk 0:24:32]} 15. Bxf3 {[%clk 1:07:49]}  Qxd3 {[%clk 0:24:41]} 16. exd3 {[%clk 1:08:18]}  Rc8 {[%clk 0:19:34]} 17. Rc1 {[%clk 1:05:49]}  Nd5 {[%clk 0:19:53]} 18. Bxc5 {[%clk 0:54:42]}  Nb4 {[%clk 0:19:21]} 19. Kd2 {[%clk 0:50:58]}  Nxa2 {[%clk 0:10:18]} 20. Bxf8 {[%clk 0:50:12]}  Nxc1 {[%clk 0:04:06]} 21. Bxg7 {[%clk 0:48:57]}  Bxe4 {[%clk 0:03:25]} 22. Bxe4 {[%clk 0:48:42]}  Rg8 {[%clk 0:02:36]} 23. Bxf6 {[%clk 0:48:53]}  Rf8 {[%clk 0:01:53]} 24. Bc3 {[%clk 0:44:43]}  Nb3+ {[%clk 0:02:18]} 25. Ke3 {[%clk 0:44:52]}  Rf7 {[%clk 0:02:05]} 26. f4 {[%clk 0:39:40]}  b5 {[%clk 0:01:59]} 27. Be5 {[%clk 0:39:08]}  Rd8 {[%clk 0:00:53]} 28. g4 {[%clk 0:36:47]}  Kf8 {[%clk 0:00:46]} 29. g5 {[%clk 0:35:42]} 1-0

[Event "Classic Open"]
[Site "Estonia Resort Hotel & Spa conference center, Parnu, EE"]
[Date "2025.08.15"]
[Round "8"]
[White "Wartiovaara, Oliver"]
[Black "Povilaitis, Tomas"]
[Result "1/2-1/2"]
[Board "11"]
[WhiteFideId "513024"]
[BlackFideId "12811700"]
[WhiteTitle "FM"]
[WhiteElo "2310"]
[BlackElo "2123"]
[WhiteTeam "FIN"]
[BlackTeam "LTU"]
[WhiteClock "0:49:01"]
[BlackClock "0:03:29"]
[Variant "Standard"]

1. c4 {[%clk 1:29:40]}  e6 {[%clk 1:29:51]} 2. g3 {[%clk 1:29:57]}  d5 {[%clk 1:30:16]} 3. Bg2 {[%clk 1:30:23]}  Nf6 {[%clk 1:30:40]} 4. Nf3 {[%clk 1:30:50]}  Be7 {[%clk 1:31:02]} 5. O-O {[%clk 1:31:14]}  O-O {[%clk 1:31:28]} 6. d3 {[%clk 1:31:21]}  b6 {[%clk 1:27:22]} 7. cxd5 {[%clk 1:31:45]}  exd5 {[%clk 1:27:44]} 8. d4 {[%clk 1:32:07]}  Bf5 {[%clk 1:25:09]} 9. Nc3 {[%clk 1:32:24]}  Nbd7 {[%clk 1:22:09]} 10. Ne5 {[%clk 1:32:15]}  Be4 {[%clk 1:18:04]} 11. Nxe4 {[%clk 1:31:47]}  Nxe4 {[%clk 1:18:19]} 12. Nc6 {[%clk 1:28:59]}  Qe8 {[%clk 1:18:44]} 13. Bf4 {[%clk 1:28:41]}  Bd6 {[%clk 1:13:55]} 14. Bxd6 {[%clk 1:28:56]}  cxd6 {[%clk 1:14:23]} 15. Nb4 {[%clk 1:27:23]}  Ndf6 {[%clk 1:13:50]} 16. Qd3 {[%clk 1:27:41]}  Rc8 {[%clk 1:06:41]} 17. Nxd5 {[%clk 1:26:55]}  Nxd5 {[%clk 1:07:03]} 18. Qxe4 {[%clk 1:27:06]}  Qxe4 {[%clk 1:07:07]} 19. Bxe4 {[%clk 1:27:31]}  Ne7 {[%clk 1:06:23]} 20. e3 {[%clk 1:27:43]}  Rc7 {[%clk 1:05:32]} 21. Rfc1 {[%clk 1:28:00]}  Rfc8 {[%clk 1:05:54]} 22. Rxc7 {[%clk 1:28:26]}  Rxc7 {[%clk 1:06:20]} 23. Kf1 {[%clk 1:28:51]}  f5 {[%clk 1:04:31]} 24. Bd3 {[%clk 1:29:13]}  Kf7 {[%clk 1:04:10]} 25. Ke2 {[%clk 1:29:36]}  Kf6 {[%clk 1:04:05]} 26. Kd2 {[%clk 1:29:31]}  g5 {[%clk 1:03:32]} 27. Rh1 {[%clk 1:28:31]}  Nd5 {[%clk 0:53:18]} 28. h4 {[%clk 1:28:28]}  g4 {[%clk 0:53:44]} 29. Rc1 {[%clk 1:24:36]}  Rxc1 {[%clk 0:53:07]} 30. Kxc1 {[%clk 1:25:02]}  Nb4 {[%clk 0:53:20]} 31. Bc4 {[%clk 1:24:32]}  a5 {[%clk 0:52:57]} 32. a3 {[%clk 1:24:49]}  Nc6 {[%clk 0:53:23]} 33. Kc2 {[%clk 1:24:38]}  Ne7 {[%clk 0:53:49]} 34. Bb5 {[%clk 1:21:53]}  Ke6 {[%clk 0:53:28]} 35. Kb3 {[%clk 1:20:18]}  d5 {[%clk 0:45:18]} 36. Be2 {[%clk 1:18:12]}  Kd6 {[%clk 0:43:08]} 37. f3 {[%clk 1:17:30]}  gxf3 {[%clk 0:36:51]} 38. Bxf3 {[%clk 1:17:56]}  Kc6 {[%clk 0:37:19]} 39. Bh5 {[%clk 1:17:28]}  Nc8 {[%clk 0:35:25]} 40. Be8+ {[%clk 1:17:12]}  Kc7 {[%clk 0:35:54]} 41. Bf7 {[%clk 1:17:34]}  Kc6 {[%clk 0:36:19]} 42. Be6 {[%clk 1:17:24]}  Nd6 {[%clk 0:36:44]} 43. Kc2 {[%clk 1:05:27]}  h6 {[%clk 0:36:45]} 44. b3 {[%clk 1:04:40]}  Ne4 {[%clk 0:34:35]} 45. Bxf5 {[%clk 1:04:56]}  Nxg3 {[%clk 0:35:00]} 46. Bg6 {[%clk 1:03:31]}  Nf1 {[%clk 0:29:16]} 47. Kd3 {[%clk 1:03:45]}  Nh2 {[%clk 0:29:34]} 48. e4 {[%clk 0:54:39]}  dxe4+ {[%clk 0:29:35]} 49. Bxe4+ {[%clk 0:55:04]}  Kd6 {[%clk 0:29:58]} 50. Ke3 {[%clk 0:54:54]}  Nf1+ {[%clk 0:27:50]} 51. Ke2 {[%clk 0:54:23]}  Ng3+ {[%clk 0:28:03]} 52. Kf3 {[%clk 0:54:48]}  Nf1 {[%clk 0:27:19]} 53. Kg4 {[%clk 0:45:50]}  Nd2 {[%clk 0:27:14]} 54. Bc2 {[%clk 0:46:16]}  Kd5 {[%clk 0:26:20]} 55. Kh5 {[%clk 0:45:26]}  Kxd4 {[%clk 0:03:33]} 56. Kxh6 {[%clk 0:45:41]}  Kc3 {[%clk 0:04:02]} 57. Bd1 {[%clk 0:45:32]}  Nxb3 {[%clk 0:04:30]} 58. Bxb3 {[%clk 0:45:14]}  Kxb3 {[%clk 0:04:55]} 59. Kg5 {[%clk 0:45:37]}  Kxa3 {[%clk 0:04:40]} 60. h5 {[%clk 0:46:03]}  b5 {[%clk 0:02:17]} 61. h6 {[%clk 0:46:29]}  b4 {[%clk 0:02:37]} 62. h7 {[%clk 0:46:56]}  b3 {[%clk 0:03:03]} 63. h8=Q {[%clk 0:47:22]}  b2 {[%clk 0:01:52]} 64. Qc3+ {[%clk 0:47:47]}  Ka4 {[%clk 0:02:17]} 65. Qc2+ {[%clk 0:48:09]}  Ka3 {[%clk 0:02:43]} 66. Kf4 {[%clk 0:48:17]}  a4 {[%clk 0:03:12]} 67. Ke3 {[%clk 0:48:38]}  b1=Q {[%clk 0:03:29]} 68. Qxb1 {[%clk 0:49:01]} 1/2-1/2

[Event "Classic Open"]
[Site "Estonia Resort Hotel & Spa conference center, Parnu, EE"]
[Date "2025.08.16"]
[Round "9"]
[White "Jakubowski, Krzysztof"]
[Black "Kazakouski, Valery"]
[Result "1-0"]
[Board "2"]
[WhiteFideId "1112848"]
[BlackFideId "13507443"]
[WhiteTitle "GM"]
[BlackTitle "GM"]
[WhiteElo "2443"]
[BlackElo "2584"]
[WhiteTeam "POL"]
[BlackTeam "LTU"]
[WhiteClock "0:40:15"]
[BlackClock "0:02:53"]
[Variant "Standard"]

1. e4 {[%clk 1:30:56]}  c6 {[%clk 1:30:40]} 2. d4 {[%clk 1:30:51]}  d5 {[%clk 1:31:04]} 3. e5 {[%clk 1:31:12]}  Bf5 {[%clk 1:31:28]} 4. Nc3 {[%clk 1:31:33]}  a6 {[%clk 1:31:13]} 5. g4 {[%clk 1:30:51]}  Bd7 {[%clk 1:31:37]} 6. h4 {[%clk 1:31:16]}  e6 {[%clk 1:30:11]} 7. h5 {[%clk 1:27:00]}  c5 {[%clk 1:30:11]} 8. Nce2 {[%clk 1:27:25]}  cxd4 {[%clk 1:27:16]} 9. f4 {[%clk 1:27:26]}  Nc6 {[%clk 1:25:36]} 10. Nf3 {[%clk 1:27:48]}  Qb6 {[%clk 1:25:42]} 11. Nexd4 {[%clk 1:27:47]}  Nxd4 {[%clk 1:17:55]} 12. Nxd4 {[%clk 1:28:11]}  Ne7 {[%clk 1:17:52]} 13. c3 {[%clk 1:23:19]}  Nc6 {[%clk 1:17:17]} 14. Qb3 {[%clk 1:23:34]}  Qc7 {[%clk 1:00:25]} 15. Be3 {[%clk 1:15:18]}  f6 {[%clk 0:59:47]} 16. exf6 {[%clk 1:14:36]}  gxf6 {[%clk 1:00:00]} 17. O-O-O {[%clk 1:15:00]}  Nxd4 {[%clk 0:58:36]} 18. Bxd4 {[%clk 1:14:30]}  Qxf4+ {[%clk 0:58:28]} 19. Kb1 {[%clk 1:14:42]}  O-O-O {[%clk 0:53:53]} 20. g5 {[%clk 1:07:19]}  e5 {[%clk 0:50:36]} 21. Ba7 {[%clk 0:56:52]}  Bd6 {[%clk 0:37:16]} 22. gxf6 {[%clk 0:51:11]}  Bg4 {[%clk 0:31:51]} 23. Rg1 {[%clk 0:46:24]}  Qxf6 {[%clk 0:25:41]} 24. Rxg4 {[%clk 0:40:47]}  Qf5+ {[%clk 0:26:03]} 25. Ka1 {[%clk 0:41:14]}  Qxg4 {[%clk 0:26:20]} 26. c4 {[%clk 0:41:41]}  dxc4 {[%clk 0:09:47]} 27. Bxc4 {[%clk 0:41:08]}  Rhe8 {[%clk 0:06:39]} 28. Rc1 {[%clk 0:41:13]}  Bc7 {[%clk 0:06:10]} 29. Bf1 {[%clk 0:40:05]}  Rd7 {[%clk 0:04:45]} 30. Bh3 {[%clk 0:40:17]}  Qf4 {[%clk 0:02:53]} 31. Rxc7+ {[%clk 0:40:15]} 1-0

[Event "Classic Open"]
[Site "Estonia Resort Hotel & Spa conference center, Parnu, EE"]
[Date "2025.08.16"]
[Round "9"]
[White "Bogner, Sebastian"]
[Black "Kopylov, Daniel"]
[Result "1-0"]
[Board "3"]
[WhiteFideId "4692055"]
[BlackFideId "12921971"]
[WhiteTitle "GM"]
[BlackTitle "IM"]
[WhiteElo "2552"]
[BlackElo "2421"]
[WhiteTeam "SUI"]
[BlackTeam "GER"]
[WhiteClock "0:23:42"]
[BlackClock "0:01:54"]
[Variant "Standard"]

1. Nf3 {[%clk 1:29:07]}  Nf6 {[%clk 1:27:28]} 2. c4 {[%clk 1:29:33]}  c5 {[%clk 1:27:43]} 3. Nc3 {[%clk 1:29:58]}  d5 {[%clk 1:27:57]} 4. cxd5 {[%clk 1:30:22]}  Nxd5 {[%clk 1:28:21]} 5. d4 {[%clk 1:30:48]}  Nxc3 {[%clk 1:28:32]} 6. bxc3 {[%clk 1:31:13]}  g6 {[%clk 1:28:48]} 7. e3 {[%clk 1:31:38]}  Bg7 {[%clk 1:28:48]} 8. Bb5+ {[%clk 1:32:03]}  Nc6 {[%clk 1:19:05]} 9. O-O {[%clk 1:29:19]}  O-O {[%clk 1:18:00]} 10. Ba3 {[%clk 1:26:08]}  cxd4 {[%clk 1:02:54]} 11. cxd4 {[%clk 1:26:04]}  Bd7 {[%clk 1:00:09]} 12. Rb1 {[%clk 1:15:16]}  Rc8 {[%clk 0:56:33]} 13. d5 {[%clk 0:51:50]}  Na5 {[%clk 0:49:30]} 14. Bd3 {[%clk 0:49:58]}  Bg4 {[%clk 0:32:08]} 15. e4 {[%clk 0:49:10]}  f5 {[%clk 0:30:30]} 16. h3 {[%clk 0:40:14]}  Bxf3 {[%clk 0:28:18]} 17. Qxf3 {[%clk 0:39:50]}  Nc4 {[%clk 0:27:38]} 18. Bxc4 {[%clk 0:33:21]}  Rxc4 {[%clk 0:27:57]} 19. e5 {[%clk 0:32:23]}  Re4 {[%clk 0:13:17]} 20. d6 {[%clk 0:27:15]}  exd6 {[%clk 0:13:19]} 21. Bxd6 {[%clk 0:26:23]}  Rf7 {[%clk 0:09:16]} 22. Rfe1 {[%clk 0:26:21]}  Qa5 {[%clk 0:02:09]} 23. Rxe4 {[%clk 0:26:18]}  fxe4 {[%clk 0:02:37]} 24. Qxe4 {[%clk 0:25:02]}  Qxa2 {[%clk 0:02:58]} 25. e6 {[%clk 0:23:26]}  Rxf2 {[%clk 0:03:10]} 26. e7 {[%clk 0:23:16]}  Rxg2+ {[%clk 0:01:54]} 27. Kh1 {[%clk 0:23:42]} 1-0

[Event "Classic Open"]
[Site "Estonia Resort Hotel & Spa conference center, Parnu, EE"]
[Date "2025.08.16"]
[Round "9"]
[White "Laurusas, Tomas"]
[Black "Sharan, Rao"]
[Result "1/2-1/2"]
[Board "4"]
[WhiteFideId "12803731"]
[BlackFideId "5073464"]
[WhiteTitle "GM"]
[BlackTitle "IM"]
[WhiteElo "2500"]
[BlackElo "2365"]
[WhiteTeam "LTU"]
[BlackTeam "IND"]
[WhiteClock "0:03:09"]
[BlackClock "0:01:39"]
[Variant "Standard"]

1. d4 {[%clk 1:27:33]}  Nf6 {[%clk 1:30:40]} 2. c4 {[%clk 1:27:56]}  e6 {[%clk 1:31:05]} 3. Nf3 {[%clk 1:28:20]}  d5 {[%clk 1:31:31]} 4. Nc3 {[%clk 1:28:44]}  Bb4 {[%clk 1:31:31]} 5. Bg5 {[%clk 1:25:32]}  h6 {[%clk 1:31:53]} 6. Bxf6 {[%clk 1:25:53]}  Qxf6 {[%clk 1:32:17]} 7. e3 {[%clk 1:26:16]}  O-O {[%clk 1:32:24]} 8. Rc1 {[%clk 1:26:27]}  dxc4 {[%clk 1:30:34]} 9. Bxc4 {[%clk 1:26:13]}  c5 {[%clk 1:30:59]} 10. O-O {[%clk 1:23:02]}  cxd4 {[%clk 1:31:25]} 11. Nxd4 {[%clk 1:21:30]}  Rd8 {[%clk 1:28:40]} 12. Qh5 {[%clk 1:15:57]}  Nc6 {[%clk 1:27:30]} 13. Nxc6 {[%clk 1:09:33]}  bxc6 {[%clk 1:27:54]} 14. Qe2 {[%clk 0:56:38]}  Bf8 {[%clk 1:19:04]} 15. Rc2 {[%clk 0:49:14]}  Rb8 {[%clk 1:09:04]} 16. Rfc1 {[%clk 0:47:02]}  Bb7 {[%clk 1:07:52]} 17. Bd3 {[%clk 0:43:39]}  c5 {[%clk 1:03:50]} 18. Be4 {[%clk 0:43:02]}  Bxe4 {[%clk 0:55:59]} 19. Nxe4 {[%clk 0:43:27]}  Qe5 {[%clk 0:56:26]} 20. Nc3 {[%clk 0:42:28]}  Rd7 {[%clk 0:56:43]} 21. b3 {[%clk 0:34:45]}  Rbd8 {[%clk 0:54:55]} 22. g3 {[%clk 0:34:41]}  Rd3 {[%clk 0:51:34]} 23. Na4 {[%clk 0:32:56]}  Qe4 {[%clk 0:48:42]} 24. Nb2 {[%clk 0:32:09]}  R3d7 {[%clk 0:47:57]} 25. Nc4 {[%clk 0:29:08]}  Qa8 {[%clk 0:42:08]} 26. Rd2 {[%clk 0:27:58]}  Rd5 {[%clk 0:40:48]} 27. Rcd1 {[%clk 0:25:50]}  Be7 {[%clk 0:39:29]} 28. h4 {[%clk 0:25:27]}  Bf6 {[%clk 0:39:30]} 29. Rc1 {[%clk 0:25:18]}  Qb7 {[%clk 0:37:58]} 30. Rcd1 {[%clk 0:23:43]}  Qa6 {[%clk 0:37:14]} 31. Kg2 {[%clk 0:23:38]}  Bc3 {[%clk 0:35:37]} 32. Rd3 {[%clk 0:24:07]}  Bf6 {[%clk 0:35:02]} 33. R3d2 {[%clk 0:24:32]}  Bc3 {[%clk 0:35:28]} 34. Rd3 {[%clk 0:23:49]}  Bf6 {[%clk 0:35:44]} 35. e4 {[%clk 0:24:14]}  Rxd3 {[%clk 0:33:55]} 36. Rxd3 {[%clk 0:24:42]}  Rxd3 {[%clk 0:34:19]} 37. Qxd3 {[%clk 0:25:08]}  Bd4 {[%clk 0:34:44]} 38. Qe2 {[%clk 0:24:17]}  h5 {[%clk 0:29:30]} 39. Kf1 {[%clk 0:17:12]}  g6 {[%clk 0:29:38]} 40. Kg2 {[%clk 0:16:09]}  Kg7 {[%clk 0:29:46]} 41. Kg1 {[%clk 0:14:54]}  Kg8 {[%clk 0:29:57]} 42. Kh2 {[%clk 0:14:09]}  Kg7 {[%clk 0:29:10]} 43. Kg2 {[%clk 0:14:30]}  f6 {[%clk 0:26:55]} 44. Kg1 {[%clk 0:12:53]}  Qc6 {[%clk 0:25:12]} 45. Nd2 {[%clk 0:12:54]}  Qc7 {[%clk 0:24:27]} 46. Kg2 {[%clk 0:13:18]}  Qc6 {[%clk 0:24:05]} 47. Qd3 {[%clk 0:13:24]}  Qb6 {[%clk 0:23:59]} 48. Nf3 {[%clk 0:12:57]}  e5 {[%clk 0:23:14]} 49. Nd2 {[%clk 0:11:09]}  Qa5 {[%clk 0:22:07]} 50. Qc2 {[%clk 0:11:33]}  Qb4 {[%clk 0:21:48]} 51. Kf1 {[%clk 0:11:24]}  Qb5+ {[%clk 0:20:53]} 52. Nc4 {[%clk 0:11:45]}  Qa6 {[%clk 0:21:11]} 53. Kg2 {[%clk 0:11:35]}  Qc6 {[%clk 0:21:09]} 54. Qe2 {[%clk 0:11:56]}  Qa6 {[%clk 0:21:31]} 55. Kh2 {[%clk 0:12:00]}  Qc6 {[%clk 0:21:34]} 56. Kg2 {[%clk 0:10:54]}  Qa6 {[%clk 0:21:57]} 57. Kg1 {[%clk 0:10:24]}  Qc6 {[%clk 0:22:12]} 58. Nd2 {[%clk 0:07:42]}  Qb6 {[%clk 0:21:54]} 59. Kg2 {[%clk 0:07:13]}  Qa5 {[%clk 0:21:58]} 60. Nf3 {[%clk 0:06:43]}  Qa3 {[%clk 0:15:59]} 61. Qc2 {[%clk 0:06:41]}  Qa5 {[%clk 0:15:51]} 62. Nd2 {[%clk 0:06:16]}  Qb4 {[%clk 0:16:11]} 63. Kf1 {[%clk 0:06:26]}  Qb5+ {[%clk 0:16:25]} 64. Nc4 {[%clk 0:06:50]}  Qa6 {[%clk 0:16:51]} 65. Ke1 {[%clk 0:06:57]}  Qe6 {[%clk 0:16:49]} 66. Qe2 {[%clk 0:06:57]}  Qh3 {[%clk 0:15:55]} 67. Qf3 {[%clk 0:05:57]}  Qh2 {[%clk 0:12:45]} 68. Ne3 {[%clk 0:05:00]}  Bxe3 {[%clk 0:12:36]} 69. Qxe3 {[%clk 0:05:23]}  Qh1+ {[%clk 0:12:53]} 70. Kd2 {[%clk 0:05:46]}  Qb1 {[%clk 0:12:19]} 71. Qxc5 {[%clk 0:05:40]}  Qxa2+ {[%clk 0:12:41]} 72. Kc3 {[%clk 0:05:01]}  Kf7 {[%clk 0:12:27]} 73. b4 {[%clk 0:03:29]}  Qa1+ {[%clk 0:11:57]} 74. Kc4 {[%clk 0:02:39]}  Qf1+ {[%clk 0:12:21]} 75. Kd5 {[%clk 0:02:28]}  Qd3+ {[%clk 0:08:18]} 76. Kc6 {[%clk 0:02:53]}  Qxe4+ {[%clk 0:08:44]} 77. Qd5+ {[%clk 0:02:29]}  Qxd5+ {[%clk 0:09:13]} 78. Kxd5 {[%clk 0:02:58]}  Ke7 {[%clk 0:06:57]} 79. Kc6 {[%clk 0:03:26]}  g5 {[%clk 0:01:16]} 80. b5 {[%clk 0:02:49]}  gxh4 {[%clk 0:01:33]} 81. gxh4 {[%clk 0:03:18]}  f5 {[%clk 0:01:39]} 82. Kb7 {[%clk 0:03:09]} 1/2-1/2

[Event "Classic Open"]
[Site "Estonia Resort Hotel & Spa conference center, Parnu, EE"]
[Date "2025.08.16"]
[Round "9"]
[White "Poetsch, Hagen"]
[Black "Valdats, Reinis"]
[Result "1-0"]
[Board "5"]
[WhiteFideId "24615137"]
[BlackFideId "11617578"]
[WhiteTitle "GM"]
[BlackTitle "FM"]
[WhiteElo "2479"]
[BlackElo "2302"]
[WhiteTeam "GER"]
[BlackTeam "LAT"]
[WhiteClock "0:01:56"]
[BlackClock "0:01:20"]
[Variant "Standard"]

1. e4 {[%clk 1:30:57]}  c5 {[%clk 1:28:56]} 2. Nf3 {[%clk 1:31:21]}  e6 {[%clk 1:29:22]} 3. d4 {[%clk 1:31:47]}  cxd4 {[%clk 1:29:48]} 4. Nxd4 {[%clk 1:32:12]}  Nc6 {[%clk 1:30:13]} 5. Nc3 {[%clk 1:32:37]}  Qc7 {[%clk 1:30:39]} 6. Be3 {[%clk 1:33:02]}  a6 {[%clk 1:31:06]} 7. Qd2 {[%clk 1:33:27]}  Nf6 {[%clk 1:31:31]} 8. O-O-O {[%clk 1:33:48]}  Be7 {[%clk 1:31:37]} 9. f3 {[%clk 1:33:49]}  b5 {[%clk 1:32:00]} 10. Nxc6 {[%clk 1:34:15]}  dxc6 {[%clk 1:30:53]} 11. g4 {[%clk 1:34:35]}  e5 {[%clk 1:28:59]} 12. h4 {[%clk 1:34:58]}  Be6 {[%clk 1:26:46]} 13. Bh3 {[%clk 1:35:18]}  O-O {[%clk 1:13:00]} 14. g5 {[%clk 1:35:32]}  Nh5 {[%clk 1:12:42]} 15. Bxe6 {[%clk 1:34:40]}  fxe6 {[%clk 1:13:04]} 16. Qg2 {[%clk 1:33:23]}  Bb4 {[%clk 1:00:23]} 17. Ne2 {[%clk 1:13:39]}  Qf7 {[%clk 0:58:07]} 18. Rhf1 {[%clk 1:07:11]}  Rad8 {[%clk 0:55:51]} 19. Rxd8 {[%clk 1:06:09]}  Rxd8 {[%clk 0:56:12]} 20. Qg4 {[%clk 1:05:42]}  a5 {[%clk 0:53:31]} 21. a3 {[%clk 1:00:01]}  Bf8 {[%clk 0:52:07]} 22. Bb6 {[%clk 0:55:29]}  Ra8 {[%clk 0:47:14]} 23. Rd1 {[%clk 0:55:33]}  a4 {[%clk 0:45:17]} 24. Bg1 {[%clk 0:45:31]}  b4 {[%clk 0:39:19]} 25. axb4 {[%clk 0:45:55]}  Bxb4 {[%clk 0:39:37]} 26. Bh2 {[%clk 0:42:03]}  a3 {[%clk 0:35:29]} 27. bxa3 {[%clk 0:36:22]}  Bxa3+ {[%clk 0:18:42]} 28. Kd2 {[%clk 0:36:37]}  Nf4 {[%clk 0:15:27]} 29. Bxf4 {[%clk 0:26:23]}  exf4 {[%clk 0:15:50]} 30. Nxf4 {[%clk 0:25:18]}  e5 {[%clk 0:14:04]} 31. Nd3 {[%clk 0:25:25]}  Qc4 {[%clk 0:13:44]} 32. Qd7 {[%clk 0:14:56]}  Bb4+ {[%clk 0:11:36]} 33. Nxb4 {[%clk 0:14:48]}  Qxb4+ {[%clk 0:12:03]} 34. Ke2 {[%clk 0:15:02]}  Qc5 {[%clk 0:10:40]} 35. Qe6+ {[%clk 0:12:46]}  Kh8 {[%clk 0:10:49]} 36. h5 {[%clk 0:12:12]}  Rf8 {[%clk 0:05:53]} 37. Qb3 {[%clk 0:08:25]}  Qe7 {[%clk 0:05:39]} 38. Qe3 {[%clk 0:07:52]}  Qf7 {[%clk 0:04:10]} 39. h6 {[%clk 0:07:12]}  Qh5 {[%clk 0:03:59]} 40. hxg7+ {[%clk 0:03:41]}  Kxg7 {[%clk 0:04:28]} 41. Rd6 {[%clk 0:02:48]}  Qh1 {[%clk 0:03:45]} 42. Qf2 {[%clk 0:01:42]}  Qc1 {[%clk 0:03:35]} 43. Rd2 {[%clk 0:01:17]}  Qb2 {[%clk 0:03:18]} 44. Qc5 {[%clk 0:01:13]}  Qa1 {[%clk 0:01:22]} 45. Rd7+ {[%clk 0:01:05]}  Kg8 {[%clk 0:01:39]} 46. Qxc6 {[%clk 0:00:44]}  Qb2 {[%clk 0:00:49]} 47. g6 {[%clk 0:00:57]}  Qa2 {[%clk 0:00:31]} 48. Qd5+ {[%clk 0:01:07]}  Qxd5 {[%clk 0:00:57]} 49. gxh7+ {[%clk 0:01:32]}  Kh8 {[%clk 0:01:20]} 50. Rxd5 {[%clk 0:01:56]} 1-0

[Event "Classic Open"]
[Site "Estonia Resort Hotel & Spa conference center, Parnu, EE"]
[Date "2025.08.16"]
[Round "9"]
[White "Sharma Isha"]
[Black "Kopylov, Michael"]
[Result "1/2-1/2"]
[Board "7"]
[WhiteFideId "35006665"]
[BlackFideId "14105080"]
[WhiteTitle "WIM"]
[BlackTitle "IM"]
[WhiteElo "2312"]
[BlackElo "2328"]
[WhiteTeam "IND"]
[BlackTeam "UKR"]
[WhiteClock "1:30:50"]
[BlackClock "1:17:31"]
[Variant "Standard"]

1. e4 {[%clk 1:29:14]}  e6 {[%clk 1:29:33]} 2. d4 {[%clk 1:29:38]}  d5 {[%clk 1:29:55]} 3. Nd2 {[%clk 1:29:23]}  c5 {[%clk 1:28:25]} 4. Ngf3 {[%clk 1:29:44]}  cxd4 {[%clk 1:27:59]} 5. exd5 {[%clk 1:30:09]}  Qxd5 {[%clk 1:28:16]} 6. Bc4 {[%clk 1:30:35]}  Qd7 {[%clk 1:27:21]} 7. O-O {[%clk 1:30:57]}  Nc6 {[%clk 1:27:30]} 8. Nb3 {[%clk 1:31:21]}  Nf6 {[%clk 1:27:38]} 9. Nbxd4 {[%clk 1:31:45]}  Nxd4 {[%clk 1:27:58]} 10. Nxd4 {[%clk 1:32:10]}  a6 {[%clk 1:28:11]} 11. c3 {[%clk 1:31:51]}  Bd6 {[%clk 1:21:49]} 12. Qe2 {[%clk 1:30:50]}  Qc7 {[%clk 1:17:31]} 1/2-1/2

[Event "Classic Open"]
[Site "Estonia Resort Hotel & Spa conference center, Parnu, EE"]
[Date "2025.08.16"]
[Round "9"]
[White "Keinanen, Toivo"]
[Black "Lahdelma, Henri"]
[Result "1/2-1/2"]
[Board "8"]
[WhiteFideId "509825"]
[BlackFideId "510394"]
[WhiteTitle "IM"]
[BlackTitle "FM"]
[WhiteElo "2517"]
[BlackElo "2247"]
[WhiteTeam "FIN"]
[BlackTeam "FIN"]
[WhiteClock "1:30:36"]
[BlackClock "1:31:43"]
[Variant "Standard"]

1. d4 {[%clk 1:26:07]}  d5 {[%clk 1:30:23]} 2. Bf4 {[%clk 1:25:44]}  Nf6 {[%clk 1:30:18]} 3. e3 {[%clk 1:26:09]}  e6 {[%clk 1:30:13]} 4. Nf3 {[%clk 1:26:36]}  c5 {[%clk 1:30:28]} 5. c3 {[%clk 1:27:02]}  Be7 {[%clk 1:30:35]} 6. Bd3 {[%clk 1:27:30]}  Nbd7 {[%clk 1:30:28]} 7. h3 {[%clk 1:27:54]}  b6 {[%clk 1:30:47]} 8. O-O {[%clk 1:28:21]}  Bb7 {[%clk 1:31:11]} 9. Nbd2 {[%clk 1:28:48]}  O-O {[%clk 1:31:34]} 10. Qe2 {[%clk 1:29:15]}  h6 {[%clk 1:31:50]} 11. Ne5 {[%clk 1:29:39]}  Nxe5 {[%clk 1:31:34]} 12. Bxe5 {[%clk 1:30:08]}  Nd7 {[%clk 1:31:43]} 13. Bh2 {[%clk 1:30:36]} 1/2-1/2